Economía Internacional / Dominick Salvatore (Registro nro. 25986)

Detalles MARC
000 -LÍDER
fixed length control field 00468nam a2200157 4500
020 ## - NÚMERO INTERNACIONAL NORMALIZADO PARA LIBROS
ISBN 970-17-0271-9
050 ## - SIGNATURA TOPOGRAFICA DE LA BIBLIOTECA DEL CONGRESO (LC)
Número de Clasificación HF1411 S3518 1999
082 ## - NUMERO DE CLASIFICACION DECIMAL DEWEY
Número de Clasificación 338.88 S719e
100 ## - ASIENTO PRINCIPAL--NOMBRE PERSONAL
Nombre personal Salvatore, Dominick
245 ## - TÍTULO
Título Economía Internacional / Dominick Salvatore
250 ## - MENCIÓN DE EDICIÓN
Mención de edición 6a ed
260 ## - PUBLICACIÓN, DISTRIBUCIÓN, ETC. (PIE DE IMPRENTA)
Lugar de publicación, distribución, etc. México : Prentice Hall
300 ## - DESCRIPCIÓN FÍSICA
Extensión xxviii, 767 p. / 24 cm
650 ## - ASIENTO SECUNDARIO DE MATERIA - TERMINO TEMÁTICO
Término temático o nombre geográfico como elemento de entrada 1. ECONOMIA INTERNACIONAL \ 2. COMERCIO INTERNACIONAL
700 ## - ASIENTO SECUNDARIO - NOMBRE PERSONAL
Nombre personal I. Lozano Hirschfeld, Andr‚s. tr.
Existencias
No. biblioteca No. biblioteca Número de clasificación Código de barras/Número de adquisición Número de copia Tipo de material
AREA DE ADMINISTRACIÓN AREA DE ADMINISTRACIÓN 338.88 S719e 49927 1 Libros
AREA DE ADMINISTRACIÓN AREA DE ADMINISTRACIÓN 338.88 S719e 51063 2 Libros
AREA DE ADMINISTRACIÓN AREA DE ADMINISTRACIÓN 338.88 S719e 51276 3 Libros
AREA DE ADMINISTRACIÓN AREA DE ADMINISTRACIÓN 338.88 S719e 51277 4 Libros
Calzada Tecnológico # 27, Zacatepec, Morelos.
01(734) 343-07-23 / 343-21-10 / 343-21-11
Apdo. Postal 45 C.P 62780